[Event "Bad Woerishofen op 21st"]
[Site "Bad Woerishofen"]
[Date "2005.03.06"]
[Round "4"]
[White "Pirrot, Dieter"]
[Black "Postny, Evgeny"]
[Result "0-1"]
[WhiteElo "2401"]
[BlackElo "2557"]
[Annotator "Gutman,L"]
[PlyCount "88"]
[EventDate "2005.03.04"]
[EventType "swiss"]
[EventRounds "9"]
[EventCountry "GER"]
[SourceTitle "CBM 107"]
[Source "ChessBase"]
[SourceDate "2005.08.01"]
[SourceVersion "1"]
[SourceVersionDate "2005.08.01"]
[SourceQuality "1"]

1. e4 e5 2. Nf3 Nc6 3. d4 exd4 4. c3 dxc3 5. Bc4 d6 6. Nxc3 Nf6 7. Qb3 Qd7 8.
Ng5 Ne5 9. Bb5 c6 10. f4 Neg4 11. Be2 h6 12. Nf3 d5 13. h3 (13. e5 Ne4 14. Nd4
Qd8 15. Nxe4 dxe4 16. Be3 Bb4+ {findet kaum Freunde Pirrot- Blatny, Baden-
Baden 1988}) 13... d4 (13... dxe4 14. Ng1 Bc5 (14... Qd4 15. Bxg4 Nxg4 16. hxg4
Bc5 17. Qc2) 15. Bxg4 (15. hxg4 Qd4 16. Nd1 Bb4+ 17. Kf1 Nxg4 18. Qc4 Bc5 19.
Qxd4 Bxd4 {O'NeilDayneko- Acebal Muniz, Asturia 95}) 15... Nxg4 16. hxg4 Qxg4
17. Nxe4 Qxg2 18. Qf3) 14. hxg4 (14. Nb5 Nxe4 15. hxg4 Nc5 16. Qd1 cxb5 (16...
d3 17. Ne5 dxe2 18. Qxd7+ Nxd7 19. Nc7+ {Mastrovasilis- Deseatnicov, Athen 2001
}) 17. Qxd4 (17. Nxd4 a6) 17... Qxg4 18. Bxb5+ Bd7) 14... dxc3 15. Ne5 Qe7 (
15... cxb2 $5 16. Bxb2 Qe7 17. Bc4 Qb4+ (17... Be6 18. Bxe6 Qxe6 19. Qxb7 Rd8
20. f5) 18. Bc3 Qxb3 19. axb3 Be6 20. Bxe6 fxe6 21. Ng6 Rh7 22. Bxf6 gxf6 23.
Ke2 {mit einem etwa ausgeglichenen Endspiel}) 16. Bc4 Be6 17. Bxe6 Qxe6 18.
Qxb7 Rd8 19. bxc3 $6 (19. Rh3 $5 Nxg4 20. Nxg4 cxb2 21. Bxb2 Qxg4 22. Qxc6+ Qd7
23. Qxd7+ Rxd7 24. Rb3 f6 25. Rd1 {, und Weiß ist besser dran}) 19... Bc5 20.
Qxc6+ Qxc6 21. Nxc6 Rc8 22. e5 Ne4 23. Nd4 Nxc3 24. Nb3 Bb6 25. Ba3 $2 (25. Bd2
) 25... Nd5 (25... Rc4) 26. f5 $2 (26. Rc1) 26... Rc2 $19 27. Rf1 Ne3 28. Rf3
Rc4 29. Rxe3 Bxe3 30. Bd6 Rxg4 31. Ke2 Bb6 32. a4 Rxg2+ 33. Kd3 Rg3+ 34. Kc4
Kd7 35. Rd1 Rc8+ 36. Kb4 Ke8 37. a5 Bf2 38. a6 h5 39. Na5 h4 40. Nb7 Rg1 41.
Rd5 Rb1+ 42. Ka3 Ra1+ 43. Kb3 Rxa6 44. Bb4 Rb8 0-1

[Event "RUS-ch"]
[Site "Elista"]
[Date "1995.??.??"]
[Round "8"]
[White "Lukin, Andrei M"]
[Black "Tseshkovsky, Vitaly"]
[Result "1-0"]
[WhiteElo "2440"]
[BlackElo "2540"]
[Annotator "Hecht,H"]
[PlyCount "105"]
[EventDate "1995.10.??"]
[EventType "swiss"]
[EventRounds "11"]
[EventCountry "RUS"]
[SourceTitle "CBM 050"]
[Source "ChessBase"]
[SourceDate "1996.02.01"]
[SourceVersion "1"]
[SourceVersionDate "1996.02.01"]
[SourceQuality "1"]

1. e4 e5 2. Nf3 Nc6 3. c3 Nf6 4. d4 exd4 5. e5 Nd5 6. cxd4 d6 7. Bb5 Be7 8. Nc3
Nxc3 9. bxc3 O-O 10. O-O Bg4 11. Qd3 Qc8 12. Bf4 Qf5 13. Qxf5 Bxf5 14. Rfe1 d5
15. Bg5 Bxg5 16. Nxg5 h6 17. Nf3 Nd8 18. Nh4 Bh7 19. f4 c6 20. Bf1 g5 21. fxg5
hxg5 22. Nf3 Ne6 23. Re3 Kh8 24. Bd3 Bxd3 25. Rxd3 Rac8 26. Rf1 Rg8 27. h4 Rc7
28. hxg5 Nxg5 29. Nh4 Kg7 30. Nf5+ Kf8 31. Nd6 Re7 32. Rf5 Ne4 33. Nxe4 dxe4
34. Rh3 Rg4 35. Kf2 Re6 36. Rh7 Rg7 37. Rxg7 Kxg7 {T-T Motive: Bilden von
weißen verbundenen Freibauern mit wT hinter einem Frei-B} 38. Rf4 c5 39. Rxe4
cxd4 40. cxd4 Ra6 41. Re2 Ra3 42. Rd2 Kf8 43. d5 Ke7 44. g4 Rh3 45. Rd4 Rh2+
46. Kf3 Rxa2 47. g5 Ra3+ 48. Kf4 Rh3 49. Rd1 Rh2 50. d6+ Ke8 51. g6 fxg6 52.
Ke3 (52. e6 $5 Re2 $1 53. d7+ Kd8 54. Rd6 a5 $132) 52... g5 53. e6 (53. e6 Rh8
54. Rc1 Kd8 55. d7 Ke7 56. Rc8 Rd8 57. Ke4 g4 58. Kd5 g3 59. Rxd8 Kxd8 60. Kd6
g2 61. e7#) 1-0

[Event "Sao Paulo zt"]
[Site "Sao Paulo"]
[Date "1993.??.??"]
[Round "3"]
[White "Slipak, Sergio"]
[Black "Campora, Daniel Hugo"]
[Result "1-0"]
[WhiteElo "2405"]
[BlackElo "2550"]
[Annotator "Horvath,Ta"]
[PlyCount "61"]
[EventDate "1993.??.??"]
[EventType "swiss"]
[EventRounds "9"]
[EventCountry "BRA"]
[SourceTitle "CBM 036"]
[Source "ChessBase"]
[SourceDate "1993.10.01"]
[SourceVersion "1"]
[SourceVersionDate "1993.10.01"]
[SourceQuality "1"]

1. e4 e5 2. Nf3 Nc6 3. d4 exd4 4. c3 d3 (4... dxc3 5. Bc4 (5. Nxc3 Bb4 6. Bc4
d6 7. O-O Bxc3 8. bxc3 Nf6 9. e5 Nxe5 10. Nxe5 dxe5 11. Qb3 Qe7 12. Ba3 c5 13.
Bb5+ (13. Qb5+ Nd7 14. Rae1 O-O 15. f4 a6 16. Qb1 $5 $44) 13... Kf8 $1 $15)
5... d6 6. Nxc3 Nf6 7. Qb3 Qd7 8. Ng5 Ne5 9. Bb5 c6 10. f4 Neg4 (10... cxb5 $2
11. fxe5 dxe5 12. Be3 h6 13. Rd1 Qe7 14. Bc5 Qc7 15. Nxb5 Qa5+ 16. Rd2 hxg5 17.
Qb4 $1 $18 {Horvath,T-Mehely/Zalaegerszeg/1970}) 11. h3 cxb5 12. hxg4 b4 $1 13.
Nd5 b6 14. Nxf6+ gxf6 15. Rxh7 $13 {Ljubolevic-Smejkal/Wijk aan Zee/1972/Inf.
14/252}) (4... d5 5. exd5 Qxd5 6. cxd4 Bg4 7. Be2 Bb4+ $1 (7... Nf6 8. Nc3 Qa5
9. O-O O-O-O 10. Be3 Bc5 11. a3 Bxf3 12. b4 Bxe2 13. Qxe2 Bxb4 14. axb4 Qxb4
15. Nb5 a6 16. Rfb1 Qe7 17. Na7+ $1 Nxa7 18. Rxb7 $1 Nb5 19. Rxa6 Nxd4 20. Ra8+
Kd7 21. Qc4 $1 Qd6 22. Rxc7+ $1 Qxc7 23. Qxf7+ Kc6 24. Ra6+ Kb7 (24... Qb6 25.
Qc4+ $16) 25. Ra7+ Kxa7 26. Qxc7+ Ka6 27. Bxd4 $16) 8. Nc3 Bxf3 9. Bxf3 Qc4 10.
Qb3 (10. Bxc6+ bxc6 11. Qe2+ Qxe2+ 12. Kxe2 Ne7 $10 {Horvath,T-Anderson/Suhumi/
1970}) 10... Qxb3 11. axb3 Nge7 $10) 5. Bxd3 d6 6. Nd4 $1 (6. h3 Nf6 7. O-O Be7
8. Nd4 {Velimirovic-Keres/UdSSR-Jugoslavia/1966}) 6... Nf6 7. O-O Be7 8. f4 O-O
9. Kh1 Nd7 (9... Re8 $5 {/\Bf8; g6}) 10. Be3 Nxd4 11. cxd4 d5 (11... f5 $2 12.
exf5 $1 Nb6 13. g4 $16) 12. e5 f5 13. g4 Nb6 (13... g6 $5) 14. gxf5 Bxf5 15.
Bxf5 Rxf5 16. Nc3 g6 17. Qg4 Nc4 18. Rf3 c6 19. Ne2 Qf8 20. Raf1 Nxe3 21. Rxe3
Rf7 22. Ref3 Rg7 23. f5 gxf5 24. Qh3 Bg5 25. Rxf5 Qb4 26. Ng3 Qd2 27. Nh5 Rg6
28. Rf7 Qxd4 (28... h6 29. Qf5 $18) 29. Nf6+ Kxf7 30. Qd7+ Kf8 31. Qd6+ (31.
Qd6+ Kf7 32. e6+ Kg7 33. Qe7+ $18) 1-0

[Event "GER-ch 73th"]
[Site "Altenkirchen"]
[Date "2001.12.03"]
[Round "4"]
[White "Handke, Florian"]
[Black "Lobron, Eric"]
[Result "1-0"]
[WhiteElo "2384"]
[BlackElo "2524"]
[Annotator "Huzman,A"]
[PlyCount "83"]
[EventDate "2001.11.30"]
[EventType "swiss"]
[EventRounds "9"]
[EventCountry "GER"]
[SourceTitle "CBM 087"]
[Source "ChessBase"]
[SourceDate "2002.03.21"]
[SourceVersion "1"]
[SourceVersionDate "2002.03.21"]
[SourceQuality "1"]

1. e4 d6 2. d4 Nf6 3. Bd3 e5 4. c3 Nc6 5. Nf3 Bg4 6. d5 Ne7 7. Bg5 c6 (7... Ng6
8. Bb5+ Bd7 9. Bxf6 gxf6 10. Qa4 Bh6 11. Bxd7+ Qxd7 12. Qxd7+ Kxd7 13. O-O f5
14. exf5 Ne7 15. c4 Nxf5 16. Nc3 Rhg8 17. Ne4 Rg6 18. Ng3 Ne7 19. Nh4 Rg4 20.
Nhf5 Nxf5 21. Nxf5 Bd2 22. Rad1 Ba5 23. b3 a6 24. Rd3 Rf4 25. Ne3 b5 26. Rc1
Bb6 27. Rc2 {1-0 Amer,K-West,G/Istanbul TUR 2000/(48)}) 8. Nbd2 (8. c4 Ng6 9.
Nbd2 Be7 10. Be3 O-O 11. b4 b5 12. Qb3 bxc4 13. Bxc4 cxd5 14. exd5 Nh5 15. Ng1
Nhf4 $17 {0-1 Petrovic,Z-Delchev,A/Ch Croatia (team) (2nd league) Pula (Cr
1998 (33)}) 8... Ng6 $6 (8... cxd5 9. Bxf6 gxf6 10. Bb5+ (10. Qb3 Bxf3 11. Qxb7
Bh6 12. Nxf3 Rb8 13. Qxa7 dxe4 14. Bxe4 f5 $36) 10... Bd7 11. Bxd7+ Qxd7 12.
exd5 f5 $15) 9. Qb3 Qc7 10. h3 (10. Bxf6 gxf6 11. h3 Nf4 (11... Bc8 12. g3 {
White's advantage is determined by the pawn structure.}) 12. Bf1 (12. hxg4 $5
Nxd3+ 13. Kf1 {[%csl Rf8]}) 12... Bxf3 13. Nxf3 f5 14. dxc6 bxc6 15. exf5 Rb8
16. Qc2 d5 17. g3 e4 18. Nd4 Nd3+ 19. Bxd3 exd3 20. Qxd3 Rxb2 21. O-O $16)
10... Bxf3 11. Nxf3 Be7 12. O-O O-O {[%cal Yc6d5]} (12... cxd5 13. Bxf6 Bxf6
14. Bb5+ Kf8 15. Qxd5 $14) 13. dxc6 (13. c4 $5 Nh5 14. Be3 Nhf4 15. Rfd1 $14)
13... bxc6 14. Rfe1 {preventing an attempt to occupy the centre by playing "d5"
} Nd7 15. Be3 Rab8 16. Qc2 a5 (16... d5 $5) 17. Rab1 (17. Rad1 $142) 17... d5
18. Rbd1 Qb7 19. Bc1 {[%csl Re5][%cal Ge1e5,Gf3e5]} Bf6 20. a3 Rfe8 21. b4 axb4
22. cxb4 d4 {Black is just unable to hold their ground in the centre} (22...
Red8 23. Bb2 Nf4 24. Bf1 $14) 23. Nd2 $1 {[%csl Rc6][%cal Gd2b3,Gb3c5,Gb3a5]}
Bg5 24. Nb3 Bxc1 25. Rxc1 $16 Rec8 (25... Qa8 26. Qxc6 Qxa3 (26... Nf4 27. Qxa8
Rxa8 28. Bb5 $16) 27. Qxd7 Qxb3 28. Bc4 $18) (25... Nf4 26. Bf1 $1 (26. Na5 Qb6
27. Nxc6 (27. Bf1 c5) 27... Ra8) 26... Qa8 27. Qxc6 $16) 26. Na5 (26. g3 $1 Ra8
27. Ra1 c5 (27... Qb6 28. Rec1) 28. Nxc5 Nxc5 29. bxc5 Qc6 30. Rec1 Ra5 31. a4
$16) 26... Qa8 27. Nxc6 Rb6 28. b5 Qxa3 29. g3 $1 h5 30. h4 Nb8 31. Ra1 Qf8 (
31... Qd6 32. Ra8 $16) 32. Rec1 Nxc6 33. bxc6 Ne7 $2 (33... Rcxc6 34. Qxc6 Rxc6
35. Rxc6 Qe7 36. Bc4 Kh7 $14) 34. c7 Rb7 (34... Rc6 35. Qxc6 Nxc6 36. Rxc6 $18)
(34... Nc6 35. Qxc6 $18) 35. Ra5 Rbxc7 36. Qxc7 Rxc7 37. Rxc7 $18 Qd8 38. Raa7
Nc8 39. Rd7 Qe8 40. Rab7 Nb6 (40... Qe6 41. Bb5 {[%cal Gb7b8]} Nd6 42. Rb6 $18)
41. Re7 Qf8 42. Bb5 1-0

[Event "Alushta Autumn 1st"]
[Site "Alushta"]
[Date "2002.09.17"]
[Round "4"]
[White "Kurnosov, Igor"]
[Black "Kaiumov, Dmitry D"]
[Result "1-0"]
[WhiteElo "2433"]
[BlackElo "2460"]
[Annotator "Huzman,A"]
[PlyCount "79"]
[EventDate "2002.09.15"]
[EventType "tourn"]
[EventRounds "15"]
[EventCountry "UKR"]
[EventCategory "9"]
[SourceTitle "CBM 092"]
[Source "ChessBase"]
[SourceDate "2003.02.06"]
[SourceVersion "1"]
[SourceVersionDate "2003.02.06"]
[SourceQuality "1"]

1. e4 e5 2. Nf3 Nc6 3. c3 Nf6 4. d4 Nxe4 5. d5 Nb8 6. Bd3 Nc5 7. Nxe5 Nxd3+ 8.
Nxd3 Be7 9. Qg4 O-O 10. Bh6 Bf6 11. d6 Re8+ 12. Be3 Nc6 13. Na3 (13. O-O Ne5
14. Qd1 Nxd3 15. Qxd3 Be5 16. dxc7 Qxc7 17. h3 b6 18. Nd2 Bb7 19. Rfe1 Re6 20.
Bd4 Bxd4 21. Qxd4 Rae8 22. Rxe6 dxe6 23. Qe3 Rd8 24. Nf3 {1/2-1/2 Blau,
M-Clarke,P/Lugano 1968/MCD (24)}) 13... cxd6 (13... Ne5 14. Nxe5 Bxe5 15. Nc4
cxd6 16. O-O-O $36 {[%csl Rc8]}) 14. Nf4 Ne5 15. Qe2 Bg5 16. O-O-O b6 (16...
Bxf4 $5 17. Bxf4 Ng6 18. Qd2 d5 19. Rhe1 Rxe1 20. Rxe1 d6 21. Nb5 Be6 22. Nd4
$44) 17. Nd5 Bxe3+ (17... Bb7 18. f4 (18. Nb5 Bxe3+ 19. Qxe3 Ng6 20. Qg3 Re5
21. Nbc7 Rc8 $17) 18... Ng6 19. Qg4 (19. Qf2 Bxd5 20. Rxd5 Rxe3 21. fxg5 Re5
$17) (19. fxg5 $140 Bxd5 20. Rxd5 Nf4 $19) 19... Bxd5 20. Rxd5 Rxe3 21. Qxg5
Qxg5 22. fxg5 $11) 18. Qxe3 Ba6 (18... Bb7 $142) 19. Qg3 Re6 (19... Nc4 20. Nc2
Bb7 21. b3 Ne5 22. f4 $36) 20. f4 Rg6 21. Qe3 Nc6 22. f5 Rg5 $2 {[%mdl 8192]} (
22... Rxg2 23. Rhg1 Rxg1 24. Rxg1 Kh8 25. f6 g6 26. h4 $40) 23. Nc7 $1 $16 Rxf5
24. Nxa8 Qxa8 25. Rxd6 Ne5 26. Rd2 g6 (26... Bb7 27. Re1 Bxg2 28. Nc4 f6 29.
Qd4 Nxc4 30. Qxc4+ Kh8 31. Rxd7 $18) 27. Re1 Qf8 28. Qd4 d6 29. Qa4 $1 $18 Bf1
30. Qd1 $1 Ba6 31. Rxd6 Qh6+ 32. Kb1 Qxh2 33. Qd4 (33. Rd8+ Kg7 34. Qd6 $18)
33... f6 $2 (33... Qg3 $142) 34. Qa4 $1 Nf7 35. Qe8+ Kg7 36. Rd7 Kh6 37. Qxf7
Kg5 38. Rd5 Qxg2 39. Rxf5+ Kxf5 40. Nc2 1-0

[Event "GER-ch 73th"]
[Site "Altenkirchen"]
[Date "2001.11.30"]
[Round "1"]
[White "Kleeschaetzky, Rainer"]
[Black "Slobodjan, Roman"]
[Result "1/2-1/2"]
[WhiteElo "2318"]
[BlackElo "2522"]
[Annotator "Huzman,A"]
[PlyCount "112"]
[EventDate "2001.11.30"]
[EventType "swiss"]
[EventRounds "9"]
[EventCountry "GER"]
[SourceTitle "CBM 087"]
[Source "ChessBase"]
[SourceDate "2002.03.21"]
[SourceVersion "1"]
[SourceVersionDate "2002.03.21"]
[SourceQuality "1"]

1. e4 e5 2. Nf3 Nc6 3. c3 Nf6 4. d4 Nxe4 5. d5 Ne7 6. Nxe5 Ng6 7. Qd4 Qf6 8.
Qxe4 Qxe5 9. Qxe5+ Nxe5 10. Bf4 Bd6 11. Bg3 O-O 12. Nd2 f5 (12... Re8 13. O-O-O
Ng4 14. Bxd6 cxd6 15. Bc4 b5 16. Bxb5 Nxf2 17. Rde1 Bb7 18. Rxe8+ Rxe8 19. Rf1
Ne4 20. Bxd7 Nxd2 21. Kxd2 $16 {1/2-1/2 Lepelletier,B-Marcelin,C/FRA t-ch 2001/
FRA (42)}) 13. f3 (13. Bxe5 Bxe5 14. Bd3 d6 15. O-O Bd7 16. f4 Bf6 17. a4 a6
18. a5 Rae8 19. Rfe1 g6 20. Kf2 Kf7 $11 {1-0 Duijn,R-Mitkov,N/Haarlem NED 1999
(55)}) 13... b6 (13... Nf7 14. O-O-O Bxg3 15. hxg3 d6 16. f4 Bd7 17. Be2 Rfe8
18. Bh5 g6 19. Bf3 h5 20. Rde1 Kg7 21. Nb3 Nh6 22. Kd2 Ng8 23. Rxe8 Rxe8 24.
Re1 Rxe1 25. Kxe1 Nf6 26. Nd4 $14 {1/2-1/2 Kalinina,V-Krivec,J/Patras GRE 1999
(60)}) (13... c5 14. dxc6 bxc6 15. Nc4 Bb8 16. Bxe5 Re8 17. Kf2 Bxe5 18. Re1 {
1-0 Penttinen,J-Lucaroni,M/Tallinn 1997/EXT 98 (18)}) 14. O-O-O Bb7 15. Nc4 (
15. Nb3 Rae8 16. Rd2 Rf6 17. Be2 Nf7 18. Bxd6 Nxd6 19. c4 Ba6 20. Rc2 f4 21.
Nd4 Nf5 22. Nxf5 Rxf5 23. Bd3 Rh5 24. Be4 d6 $11 {1/2-1/2 Dueckstein,A-Liedl,W/
AUT-chT9495 1995/CBM 45 ext (78)}) 15... Nxc4 16. Bxc4 f4 (16... Bxg3 $2 17.
d6+ Kh8 18. hxg3 c5 19. Rhe1 $16) 17. Bf2 Rae8 $11 18. Rhe1 Rxe1 19. Bxe1 (19.
Rxe1 Rf5 20. Re8+ Kf7 21. Rd8 Ke7 22. Rg8 $11) 19... Rf5 $1 {[%cal Yf5d5,Yf5h5,
Yg5g2,Yh5h2]} 20. b4 Kf8 21. Kc2 Rh5 22. h3 Be5 23. Bf1 Ke7 24. c4 c6 25. dxc6
dxc6 26. Bf2 Bd6 27. a3 c5 28. b5 Re5 29. Re1 {Already now it was a right time
to agree to a draw. White's only possible concern is not to allow a
straightforward K-side breakthrough attempt (g7-g5-h5-g4).} Rxe1 30. Bxe1 Be5
31. a4 a5 32. bxa6 Bxa6 33. Bd3 h6 34. Kb3 Bb7 35. Bf5 Bc6 36. Bc8 Bd4 37. Bh4+
Bf6 38. Be1 Kd6 39. Bd2 Be5 40. Bf5 g5 41. Bd3 Ba1 42. Ka2 Bd4 43. Kb3 Ke5 44.
Bg6 Kf6 45. Bd3 Ba1 46. Ka2 Be5 47. Kb3 h5 48. a5 bxa5 49. Bxa5 g4 50. hxg4
hxg4 51. Be2 Kg5 52. Bd8+ Bf6 53. Bc7 Bd4 54. Bd8+ Bf6 55. Bc7 Bd4 56. Bd8+ Bf6
1/2-1/2

[Event "Bundesliga 9899"]
[Site "Germany"]
[Date "1998.12.13"]
[Round "6.6"]
[White "Heissler, Jakob"]
[Black "Appel, Ralf"]
[Result "1-0"]
[WhiteElo "2435"]
[BlackElo "2495"]
[Annotator "Knaak,R"]
[PlyCount "81"]
[EventDate "1998.10.17"]
[EventType "team-tourn"]
[EventRounds "15"]
[EventCountry "GER"]
[SourceTitle "GER-chT"]
[Source "ChessBase"]
[SourceDate "1999.07.01"]
[SourceVersion "1"]
[SourceVersionDate "1999.07.01"]
[SourceQuality "1"]
[WhiteTeam "Werder Bremen"]
[BlackTeam "Castrop Rauxel"]
[WhiteTeamCountry "GER"]
[BlackTeamCountry "GER"]

1. e4 Nf6 2. d3 d5 3. Nd2 e5 4. Ngf3 Nc6 5. Be2 Be7 6. O-O O-O 7. c3 a5 8. a4
b6 9. Re1 Ba6 10. Qc2 Re8 11. Bf1 Bf8 12. exd5 Nxd5 13. Nc4 Qf6 14. Bd2 h6 15.
Qb3 Rad8 $2 {[#]} (15... Bb7) 16. Ncxe5 $1 Nxe5 17. Nxe5 Bb7 (17... Rxe5 18.
Rxe5 Qxe5 19. d4 Qh5 20. Bxa6 $18) 18. d4 Bd6 19. Nd3 Ne7 20. Re3 Nf5 21. Rxe8+
Rxe8 22. Re1 Rxe1 23. Nxe1 Qh4 24. g3 Qe4 25. Bg2 Qe2 26. Bxb7 Qxd2 27. Nf3
Qc1+ 28. Kg2 g5 29. Be4 Ne7 30. Qc2 Qa1 31. Bd3 Qa2 32. Be4 Kg7 33. h3 Nd5 34.
Bxd5 Qxd5 35. c4 Qe6 36. b3 Bb4 37. Qd3 f6 38. d5 Qe8 39. Nd4 Qe5 40. Ne6+ Kh8
41. Qg6 1-0

[Event "Dresden zt 1.2"]
[Site "Dresden"]
[Date "1998.04.30"]
[Round "3"]
[White "Sermek, Drazen"]
[Black "Rogic, Davor"]
[Result "1-0"]
[WhiteElo "2510"]
[BlackElo "2445"]
[Annotator "Lukacs,P"]
[PlyCount "121"]
[EventDate "1998.04.28"]
[EventType "swiss"]
[EventRounds "11"]
[EventCountry "GER"]
[SourceTitle "CBM 065"]
[Source "ChessBase"]
[SourceDate "1998.08.06"]
[SourceVersion "1"]
[SourceVersionDate "1998.08.06"]
[SourceQuality "1"]

1. e4 e5 2. Nf3 Nc6 3. c3 {The Ponziani Opening has no good reputation amongst
the leading grandmasters, but Sermek is an adherent of this idea.} Nf6 (3... d5
{is the other main line, which may lead to immense complication.}) 4. d4 exd4 {
When Black wants to fight for a win, this is a real alternative against the
Ponziani.} (4... Nxe4 5. d5 Ne7 6. Nxe5 Ng6 7. Qd4 Qe7 {leads to an equal game,
but without any chances for an interesting battle.}) 5. e5 Nd5 6. Bb5 {Now the
position resembles to some Ruy Lopez Berlin lines.} (6. cxd4 Bb4+ $1 7. Bd2 (7.
Nbd2 $6 d6 8. a3 $6 (8. Bb5 O-O 9. Bxc6 bxc6 $13) 8... Bxd2+ 9. Bxd2 O-O 10.
Be2 (10. Bd3 dxe5 11. dxe5 Bg4 $17) 10... Bg4 {with a strong pressure on
White's central Ps.}) 7... Bxd2+ 8. Qxd2 (8. Nbxd2 d6 9. Bc4 Be6 10. O-O dxe5
11. dxe5 O-O $11) 8... d6 9. Nc3 (9. Bc4 dxe5 $1 10. dxe5 Be6 11. Nc3 Nxc3 12.
Qxc3 Bxc4 13. Qxc4 O-O 14. O-O Qe7 $11 {Malaniuk-Mikhalchishin, Kecskemet,1991}
) 9... Nxc3 10. Qxc3 O-O 11. Be2 Ne7 $5 12. O-O Nd5 13. Qb3 Nf4 14. Rfe1 Nxe2+
15. Rxe2 dxe5 16. dxe5 Qe7 17. Rd1 c5 $11 {Sermek-I.Sokolov, Ljubljana, 1993})
(6. Qb3 Nb6 7. cxd4 d6 8. Bb5 Bd7 9. O-O Be7 $13) (6. Bc4 Nb6 7. Bb3 d6 8. O-O
Be7 9. exd6 Qxd6 10. Nxd4 Nxd4 11. cxd4 Be6 12. Bxe6 Qxe6 13. Re1 Qd7 14. Qe2
Nd5 15. Nc3 Nxc3 16. bxc3 O-O $1 $11 {Sermek-Mikhalchishin, Vidmar mem.
Ljubljana 1993}) 6... a6 7. Bxc6 $6 (7. Ba4 {It is better to keep the tension,
than giving away the ^^.} Nb6 8. Bb3 d5 $1 9. exd6 Bxd6 10. O-O O-O 11. Bg5 Be7
$11 {Velimirovic-Spassky, Reggio Emilia 1986}) 7... dxc6 8. Qxd4 $2 {Now the
position has an Exchange Ruy Lopez character with a virtual P majority on the
>>, because Black can hardly create a o^ on the << in the _|_. However with
his ^^ in the open position Black has no problems, and the weakening move
c2-c3 has it's drawback too.} (8. Bg5 {wants to get rid of the ^^:} Be7 9. Bxe7
Qxe7 10. Qxd4 Bf5 11. O-O Rd8 12. Qh4 Qxh4 13. Nxh4 Be4 {(Orev-Knezevic,
Olomouc 1976)} 14. Re1 $5) 8... Bf5 9. O-O c5 10. Qd1 Qd7 $1 {/\ 0-0-0} 11. Qb3
(11. Qe2 O-O-O $5 12. Bg5 (12. Rd1 $4 Nf4 $19) 12... f6 13. exf6 gxf6 $15)
11... Qc6 $1 $15 12. c4 $2 (12. Na3 $6 Be4 $1 13. Ng5 Bxg2 $1 14. Re1 (14. Kxg2
Ne3+) 14... Be7 15. Nxf7 Qe6 $1 16. Nxh8 Qg4 $40) (12. Re1 O-O-O 13. Na3 {
was still playable.}) 12... Nb4 13. Ne1 O-O-O 14. Nc3 Qe6 15. f4 f6 $1 $17 {
The Bf5 is very strong, and White suffers from the lack of development, too.}
16. Be3 {White sacrifices the P in order to finish development, but it is too
late.} (16. exf6 gxf6 {opens up the g <->.}) 16... fxe5 17. fxe5 Qxe5 18. Bf4
Qd4+ 19. Kh1 Be6 {Another P falls as well.} 20. Ne2 Qxc4 $19 21. Qf3 Bd6 22. a3
Nc6 23. Rc1 Nd4 (23... Qd5 $19) 24. Nxd4 Qxd4 25. Bxd6 Rxd6 26. Rc3 c4 27. Nc2
Qd2 28. Ne3 Kb8 29. Rc2 Qd4 30. Rfc1 Rhd8 31. h3 (31. Nxc4 $4 Bxc4 32. Rxc4
Qxc4 $19) 31... Rc6 32. a4 c3 $6 (32... Qh4 $19) 33. bxc3 Qxa4 34. c4 Qa3 35.
Rc3 Qc5 36. Qe4 g6 37. Rb3 Ka7 38. Rcb1 Rb8 (38... b6 39. Rb5 $1 axb5 $2 40.
cxb5) 39. Rb4 Bf5 40. Nxf5 gxf5 (40... Qxf5 $2 41. Qxc6 $1 bxc6 42. Rxb8) 41.
Qh4 h6 42. Qf4 Re6 (42... Rb6 $1) 43. R4b2 b6 44. Ra1 Rbe8 45. Rbb1 Rd6 46. Rb5
$1 Re1+ $2 {Only this move lets White slip from the bound.} (46... Qd4 47. Qxd4
Rxd4 48. Rxf5 Rxc4 $19 {was still winning.}) 47. Rxe1 axb5 48. Qf3 $1 {/\ Ra1}
Qc6 49. Ra1+ Kb8 50. Qxf5 Rd8 51. cxb5 Qd5 52. Qf2 $6 (52. Qf1 $11) 52... Qxb5
53. Qf6 Qd5 54. Qxh6 Rg8 55. Rg1 b5 56. Qe3 b4 57. Qf2 $11 c5 $2 58. Ra1 $1 {
[#]} Kb7 $4 (58... Qe4 $11) 59. Qe2 $1 $18 {and the black K will be mated.} Rg7
60. Qb5+ Kc8 61. Qe8+ 1-0

[Event "Norway Chess 1st"]
[Site "Stavanger"]
[Date "2013.05.14"]
[Round "6"]
[White "Nakamura, Hikaru"]
[Black "Svidler, Peter"]
[Result "1/2-1/2"]
[WhiteElo "2775"]
[BlackElo "2769"]
[Annotator "Marin,M"]
[PlyCount "61"]
[EventDate "2013.05.08"]
[EventType "tourn"]
[EventRounds "9"]
[EventCountry "NOR"]
[EventCategory "21"]
[SourceTitle "CBM 155"]
[Source "ChessBase"]
[SourceDate "2013.07.16"]
[SourceVersion "1"]
[SourceVersionDate "2013.07.16"]
[SourceQuality "1"]

1. e4 e5 2. Nf3 Nc6 3. c3 d5 {Deviating from the games played in Wijk aan Zee
2013.} (3... Nf6 4. d4 d5 (4... exd4 5. e5 {Hou,Y (2603)-Carlsen,M (2861)/Wijk
aan Zee 2013/CBM 153/[Marin,M] (0-1, 66)}) 5. Bb5 exd4 6. e5 Ne4 7. Nxd4 {
Carlsen,M (2861)-Harikrishna,P (2698)/Wijk aan Zee 2013/CBM 153/[Marin,M] (1-0,
49)}) 4. Qa4 {Quite provocative. Contrary to any principles of development,
the queen is one of the first pieces to develop. Is the prize of one pawn
reward enough for such a concession?} Nf6 5. Nxe5 Bd6 6. Nxc6 bxc6 7. d3 O-O 8.
Be2 Re8 9. Nd2 Bg4 $146 (9... Bf4 10. O-O Bxd2 11. Bxd2 dxe4 12. d4 Qd6 13. Qa3
(13. h3 $5) (13. Rfe1 Bg4 14. Bf1) 13... Bg4 $11 {Ghaem Maghami,E (2603)
-Harikrishna,P (2672)/Ha Long City 2009/CBM 133 Extra (1/2, 30)}) 10. Qd1 Bxe2
11. Qxe2 dxe4 12. dxe4 Nxe4 13. Nxe4 Qh4 14. g4 f5 15. Be3 Rxe4 16. gxf5 Qh3 (
16... Rae8 {would be simpler:} 17. O-O-O Bf4 18. Rd3 Qg5 {[%cal Gg5f5]}) 17. f6
(17. O-O-O Qxf5 $15) 17... Qe6 18. fxg7 Rb8 19. b3 {The g7-pawn is the black
king's best friend, covering it against any dangers.} a5 $44 20. Rd1 a4 21. Qf3
axb3 22. axb3 Re8 23. Rd4 Rxd4 24. cxd4 Qxb3 25. Qxc6 Rxe3+ 26. fxe3 Qxe3+ 27.
Kf1 Qd3+ 28. Kf2 Qd2+ 29. Kf1 Qd3+ 30. Kf2 Qd2+ 31. Kf1 1/2-1/2